[Event "Nordic-chT Scholastic 2019"]
[Site "Stockholm"]
[Date "2019.09.06"]
[Round "2.8"]
[White "Buxrud, Fredrik Berg"]
[Black "Gaudras, Allan"]
[Result "0-1"]
[WhiteElo "1224"]
[BlackElo "1380"]
[Annotator "NA"]
[PlyCount "120"]
[EventDate "2019.09.05"]
[EventType "team-tourn"]
[EventCountry "SWE"]
[SourceTitle "playchess.com"]
[Source "ChessBase"]
[SourceQuality "1"]
[TimeControl "5400+30"]

1. e4 {[%emt 0:00:00]} e6 {[%emt 0:00:00]} 2. d4 {[%emt 0:00:06]} d5 {[%emt 0:00:00]} 3. e5 {[%emt 0:00:08]} c5 {[%emt 0:00:00]} 4. c3 {[%emt 0:00:21]} Nc6 {[%emt 0:00:00]} 5. Nf3 {[%emt 0:00:41]} Qb6 {[%emt 0:00:00]} 6. Be2 {[%emt 0:07:43]} Bd7 {[%emt 0:01:39]} 7. O-O {[%emt 0:02:49]} O-O-O {[%emt 0:01:44]} 8. Re1 {[%emt 0:04:25]} Nge7 {[%emt 0:01:31]} 9. Qc2 {[%emt 0:07:15]} Ng6 {[%emt 0:01:10]} 10. Be3 {[%emt 0:01:12]} Kb8 {[%emt 0:00:39]} 11. Nbd2 {[%emt 0:02:01]} Rc8 {[%emt 0:01:24]} 12. Qb3 {[%emt 0:01:56]} Qa5 {[%emt 0:01:25]} 13. Red1 {[%emt 0:09:29]} c4 {[%emt 0:02:01]} 14. Qc2 {[%emt 0:00:52]} Be7 {[%emt 0:00:59]} 15. b3 {[%emt 0:01:57]} b5 {[%emt 0:02:11]} 16. a4 {[%emt 0:00:45]} cxb3 {[%emt 0:01:13]} 17. Qxb3 {[%emt 0:01:22]} b4 {[%emt 0:00:31]} 18. Rdb1 {[%emt 0:06:22]} Ka8 {[%emt 0:02:24]} 19. Ra2 {[%emt 0:04:44]} Rb8 {[%emt 0:00:38]} 20. c4 {[%emt 0:00:28]} Rhc8 {[%emt 0:04:26]} 21. h3 {[%emt 0:04:17]} h6 {[%emt 0:03:33]} 22. c5 {[%emt 0:03:50]} f6 {[%emt 0:02:51]} 23. exf6 {[%emt 0:00:58]} Bxf6 {[%emt 0:00:05]} 24. Qd3 {[%emt 0:01:33]} Nge7 {[%emt 0:00:40]} 25. Bf4 {[%emt 0:09:16]} Rb7 {[%emt 0:02:26]} 26. Qa6 {[%emt 0:01:41]} Qd8 {[%emt 0:00:47]} 27. Nb3 {[%emt 0:01:16]} Nb8 {[%emt 0:00:36]} 28. Bxb8 {[%emt 0:04:26]} Rc6 {[%emt 0:01:33]} 29. Qd3 {[%emt 0:07:47]} Rxb8 {[%emt 0:01:01]} 30. a5 {[%emt 0:00:54]} Bc8 {[%emt 0:00:51]} 31. a6 {[%emt 0:02:02]} Rc7 {[%emt 0:02:07]} 32. Na5 {[%emt 0:04:56]} Bd7 {[%emt 0:01:56]} 33. Qd2 {[%emt 0:02:18]} Rcc8 {[%emt 0:04:18]} 34. Rxb4 {[%emt 0:00:54]} Rxb4 {[%emt 0:00:14]} 35. Qxb4 Rb8 {[%emt 0:00:14]} 36. Qc3 {[%emt 0:01:41]} Qc7 {[%emt 0:07:16]} 37. Nb7 {[%emt 0:04:36]} Bc6 {[%emt 0:01:03]} 38. Na5 {[%emt 0:01:02]} Bd7 {[%emt 0:02:09]} 39. Ra3 {[%emt 0:00:24]} Nf5 {[%emt 0:03:02]} 40. Rb3 {[%emt 0:00:34]} Rxb3 {[%emt 0:02:31]} 41. Nxb3 {[%emt 0:00:40]} Nd6 {[%emt 0:01:04]} 42. Bd3 {[%emt 0:00:42]} Nb5 {[%emt 0:00:41]} 43. Bxb5 {[%emt 0:00:31]} Bxb5 {[%emt 0:00:17]} 44. Qe3 {[%emt 0:00:26]} Qc6 {[%emt 0:00:55]} 45. Ne5 {[%emt 0:00:31]} Qxa6 {[%emt 0:00:56]} 46. Ng4 {[%emt 0:00:14]} Bd8 {[%emt 0:01:02]} 47. Qe5 {[%emt 0:00:19]} g6 {[%emt 0:02:41]} 48. Qh8 {[%emt 0:00:26]} Qc8 {[%emt 0:00:36]} 49. Qxh6 {[%emt 0:00:42]} Bd3 {[%emt 0:00:41]} 50. Qe3 {[%emt 0:00:49]} Bc4 {[%emt 0:00:47]} 51. Nd2 {[%emt 0:00:14]} Bb5 {[%emt 0:00:49]} 52. Ne5 {[%emt 0:00:29]} g5 {[%emt 0:00:54]} 53. Nf7 {[%emt 0:00:10]} Bc7 {[%emt 0:00:53]} 54. Nxg5 {[%emt 0:00:10]} Qa6 {[%emt 0:00:33]} 55. Qe1 {[%emt 0:01:12]} Bf4 {[%emt 0:02:19]} 56. Ngf3 {[%emt 0:00:46]} Be8 {[%emt 0:01:01]} 57. Nf1 {[%emt 0:00:35]} Bh5 {[%emt 0:00:51]} 58. Qe2 {[%emt 0:00:27]} Qxe2 {[%emt 0:00:12]} 59. Ng3 {[%emt 0:00:35]} Bxg3 {[%emt 0:00:22]} 60. fxg3 Bxf3 {[%emt 0:00:13]} 0-1

[Event "Nordic-chT Scholastic 2019"]
[Site "Stockholm"]
[Date "2019.09.06"]
[Round "2.9"]
[White "Falkevall, Axel"]
[Black "Olsen, William Alexander"]
[Result "1-0"]
[WhiteElo "2000"]
[BlackElo "1800"]
[Annotator "NA"]
[PlyCount "47"]
[EventDate "2019.09.05"]
[EventType "team-tourn"]
[EventCountry "SWE"]
[SourceTitle "playchess.com"]
[Source "ChessBase"]
[SourceQuality "1"]
[TimeControl "5400+30"]

1. e4 {[%emt 0:00:00]} c5 {[%emt 0:00:00]} 2. c3 {[%emt 0:00:00]} d5 {[%emt 0:00:00]} 3. exd5 {[%emt 0:00:00]} Qxd5 {[%emt 0:00:00]} 4. d4 {[%emt 0:00:00]} Nf6 {[%emt 0:00:00]} 5. Nf3 {[%emt 0:00:11]} cxd4 {[%emt 0:00:07]} 6. cxd4 {[%emt 0:00:13]} g6 {[%emt 0:00:09]} 7. Nc3 {[%emt 0:01:30]} Qd8 {[%emt 0:00:04]} 8. Bc4 {[%emt 0:03:11]} Bg7 {[%emt 0:00:06]} 9. O-O {[%emt 0:07:22]} O-O {[%emt 0:00:08]} 10. h3 {[%emt 0:02:18]} Qc7 {[%emt 0:00:09]} 11. Qe2 {[%emt 0:06:35]} a6 {[%emt 0:02:46]} 12. Bg5 {[%emt 0:10:05]} e6 {[%emt 0:01:48]} 13. Rac1 {[%emt 0:03:35]} Nc6 {[%emt 0:02:53]} 14. Rfd1 {[%emt 0:04:56]} b5 {[%emt 0:07:42]} 15. Bb3 {[%emt 0:14:22]} Qb7 $18 {[%emt 0:09:06]} (15... Qb6 $16) 16. Bxf6 {[%emt 0:09:19]} Bxf6 {[%emt 0:00:18]} 17. Ne4 {[%emt 0:00:32]} Bg7 {[%emt 0:01:01]} 18. d5 {[%emt 0:03:08]} Nd8 {[%emt 0:02:00]} 19. Nd6 {[%emt 0:01:00]} Qd7 {[%emt 0:00:43]} 20. dxe6 {[%emt 0:01:19]} Nxe6 {[%emt 0:00:20]} 21. Nxc8 {[%emt 0:01:13]} Raxc8 {[%emt 0:01:01]} 22. Rxd7 {[%emt 0:00:33]} Rxc1+ {[%emt 0:00:02]} 23. Kh2 {[%emt 0:02:24]} Nf4 {[%emt 0:00:06]} 24. Qe3 {[%emt 0:01:08]} 1-0

[Event "Nordic-chT Scholastic 2019"]
[Site "Stockholm"]
[Date "2019.09.06"]
[Round "2.10"]
[White "Elmi, Saad Abobaker"]
[Black "Grahn, Vidar"]
[Result "1/2-1/2"]
[WhiteElo "1620"]
[BlackElo "1962"]
[Annotator "NA"]
[PlyCount "66"]
[EventDate "2019.09.05"]
[EventType "team-tourn"]
[EventCountry "SWE"]
[SourceTitle "playchess.com"]
[Source "ChessBase"]
[SourceQuality "1"]
[TimeControl "5400+30"]

1. e4 {[%emt 0:00:00]} c5 {[%emt 0:00:00]} 2. Nf3 {[%emt 0:00:00]} Nc6 {[%emt 0:00:00]} 3. d4 {[%emt 0:00:00]} cxd4 {[%emt 0:00:00]} 4. Nxd4 {[%emt 0:00:00]} g6 {[%emt 0:00:00]} 5. c4 {[%emt 0:00:03]} Nf6 {[%emt 0:00:00]} 6. Nc3 {[%emt 0:00:26]} d6 {[%emt 0:00:07]} 7. Be2 {[%emt 0:00:57]} Nxd4 {[%emt 0:00:06]} 8. Qxd4 {[%emt 0:00:24]} Bg7 {[%emt 0:00:08]} 9. O-O {[%emt 0:00:23]} O-O {[%emt 0:00:14]} 10. f3 {[%emt 0:02:06] B36: Sicilian: Maroczy Bind: Gurgenidze System} (10. Qe3 Bd7 11. Rd1 Qa5 12. Bd2 Bc6 13. Nd5 Qd8 14. Rab1 Nd7 15. b4 e6 16. Nc3 b6 17. Qg3 Qe7 18. Bg5 f6 {0-1 (29) Zhigalko,A (2545)-Melkumyan,H (2670) St Petersburg 2018}) 10... Be6 {[%emt 0:04:46]} 11. Qd3 {[%emt 0:02:45]} Nd7 {[%emt 0:02:38]} 12. b3 {[%emt 0:00:23]} Nc5 {[%emt 0:09:33]} 13. Qc2 $146 {[%emt 0:00:14]} ({Predecessor:} 13. Qd2 a5 14. Rb1 Qb6 15. Kh1 Bxc3 16. Qxc3 Qb4 17. Qd4 f6 18. f4 a4 {0-1 (46) Maiberg,W (1905)-De Haro,M (1987) Florianopolis 2015}) 13... a5 {[%emt 0:01:36]} 14. Be3 {[%emt 0:00:40]} Qd7 {[%emt 0:12:15]} 15. Rad1 {[%emt 0:00:13]} Rfc8 {[%emt 0:00:51]} 16. Nd5 {[%emt 0:00:55]} Bxd5 {[%emt 0:00:21]} 17. Rxd5 {[%emt 0:00:06]} Qc6 {[%emt 0:08:55]} 18. Qd2 {[%emt 0:01:30]} b6 {[%emt 0:03:48]} 19. Bh6 {[%emt 0:00:44]} Be5 {[%emt 0:01:07]} 20. f4 {[%emt 0:00:46]} Nxe4 {[%emt 0:08:45]} 21. Qe3 {[%emt 0:01:05]} e6 {[%emt 0:01:13]} 22. Rb5 {[%emt 0:01:14]} Bh8 {[%emt 0:03:31]} 23. f5 $17 {[%emt 0:02:48]} exf5 24. g4 Nc3 {[%emt 0:04:56]} 25. Rbxf5 {[%emt 0:02:01]} Nxe2+ {[%emt 0:01:32]} 26. Qxe2 {[%emt 0:00:23]} gxf5 {[%emt 0:01:59]} 27. Rxf5 {[%emt 0:00:14]} Bd4+ {[%emt 0:00:14]} 28. Be3 {[%emt 0:00:17]} Qe4 {[%emt 0:00:56]} 29. Rf3 {[%emt 0:00:19]} Re8 {[%emt 0:00:13]} 30. Kg2 {[%emt 0:02:51]} Bxe3 {[%emt 0:00:22]} 31. h3 Bd4 {[%emt 0:00:31]} 32. Qd2 {[%emt 0:00:19]} Qe2+ {[%emt 0:00:07]} 33. Kg3 {[%emt 0:00:02]} Qxd2 {[%emt 0:00:08]} 1/2-1/2

[Event "Nordic-chT Scholastic 2019"]
[Site "Stockholm"]
[Date "2019.09.06"]
[Round "2.11"]
[White "Platkovs, Daniils"]
[Black "Vo, Hy Chang"]
[Result "1-0"]
[WhiteElo "1431"]
[BlackElo "1301"]
[Annotator "NA"]
[PlyCount "47"]
[EventDate "2019.09.05"]
[EventType "team-tourn"]
[EventCountry "SWE"]
[SourceTitle "playchess.com"]
[Source "ChessBase"]
[SourceQuality "1"]
[TimeControl "5400+30"]

1. e4 {[%emt 0:00:00]} e6 {[%emt 0:00:00]} 2. d4 {[%emt 0:00:00]} d5 {[%emt 0:00:00]} 3. e5 {[%emt 0:00:00]} c5 {[%emt 0:00:00]} 4. c3 Nc6 {[%emt 0:00:00]} 5. Nf3 {[%emt 0:00:12]} Qb6 {[%emt 0:00:02]} 6. Be2 {[%emt 0:00:26]} Bd7 {[%emt 0:01:03]} 7. O-O {[%emt 0:00:16]} Be7 {[%emt 0:01:34]} 8. Re1 {[%emt 0:01:05]} Rc8 {[%emt 0:00:21]} 9. a3 {[%emt 0:03:26]} cxd4 {[%emt 0:02:15]} 10. cxd4 {[%emt 0:00:34]} f6 {[%emt 0:02:04]} 11. b4 {[%emt 0:02:21]} a6 {[%emt 0:02:01]} 12. Bb2 {[%emt 0:01:23]} Na7 {[%emt 0:05:17]} 13. Nc3 {[%emt 0:04:09]} a5 {[%emt 0:01:49]} 14. Na4 {[%emt 0:02:43]} Qc6 {[%emt 0:02:19]} 15. Nc5 {[%emt 0:05:57]} Bxc5 {[%emt 0:02:07]} 16. dxc5 {[%emt 0:00:39]} Qc7 {[%emt 0:06:08]} 17. Rc1 {[%emt 0:04:20]} Nc6 {[%emt 0:01:46]} 18. b5 {[%emt 0:03:52]} Nxe5 {[%emt 0:02:22]} 19. Nxe5 {[%emt 0:00:32]} fxe5 {[%emt 0:00:12]} 20. Bh5+ {[%emt 0:01:50]} Kf8 {[%emt 0:04:58]} 21. Bxe5 {[%emt 0:01:28]} Qd8 {[%emt 0:01:10]} 22. Bd6+ {[%emt 0:00:10]} Ne7 {[%emt 0:00:18]} 23. Qf3+ {[%emt 0:00:08]} Kg8 {[%emt 0:01:03]} 24. Qf7# {[%emt 0:00:09]} 1-0

[Event "Nordic-chT Scholastic 2019"]
[Site "Stockholm"]
[Date "2019.09.07"]
[Round "3.1"]
[White "Stefansson, Vignir Vatnar"]
[Black "Ivarsson, Sebastian"]
[Result "1-0"]
[WhiteElo "2316"]
[BlackElo "1976"]
[Annotator "TA"]
[PlyCount "86"]
[EventDate "2019.09.05"]
[EventType "team-tourn"]
[EventCountry "SWE"]
[SourceTitle "playchess.com"]
[Source "ChessBase"]
[SourceQuality "1"]

{[%evp 9,86,-7,40,40,41,16,51,50,50,45,40,54,70,27,63,58,93,91,120,129,183,177,194,166,169,143,154,161,151,132,160,123,179,167,178,172,176,172,174,151,220,163,163,163,163,163,169,163,167,167,167,155,158,160,197,209,205,218,213,215,222,222,289,286,362,284,1849,883,1844,1650,29986,1513,1348,1318,1108,1095,756,718,29989]} 1. Nc3 Nf6 2. d4 d5 3. Bf4 g6 (3... e6 4. Nb5 Na6 5. e3 Be7 6. Nf3 O-O 7. Bd3 c6 8. Nc3 Nb4 9. h3 Nxd3+ 10. cxd3 b6 11. O-O Bb7 {0-1 (40) Rapport,R (2731)-Giri,A (2783) Wijk aan Zee 2019}) 4. e3 Bg7 5. h4 c5 6. Nb5 {D00: 1 d4 d5: Unusual lines} Na6 $1 7. c3 c4 8. b3 {White is slightly better.} Bd7 $146 ({Predecessor:} 8... Be6 9. bxc4 dxc4 10. Nf3 Qa5 11. a4 {1-0 (70) Kleinert,S (2549)-Markus,R (2472) Remote email 2013}) 9. bxc4 Qa5 10. Qb3 Rc8 11. Qa3 Qxa3 12. Nxa3 dxc4 13. Bxc4 Nh5 14. Bh2 Nc5 (14... O-O $16) 15. Ne2 Ne4 16. f3 Nd6 17. Bd3 f5 18. Rb1 b6 19. Ba6 {Strongly threatening Bxd6.} Rc7 20. c4 Kf7 (20... O-O $16) 21. O-O $18 Bc8 22. Bxc8 Rhxc8 23. g4 Nf6 {[#]} 24. e4 $1 {[%mdl 512]} Rc6 (24... Nfe8 $16 25. c5 bxc5) (24... fxe4 25. fxe4) 25. e5 Nxc4 26. Nxc4 Rxc4 27. exf6 Bxf6 28. g5 Bxd4+ 29. Nxd4 Rxd4 30. Bg3 Rc2 31. Rf2 Rc5 32. Re2 {Hoping for Bf2.} Rd7 33. Be5 Rc4 34. f4 Rd3 35. Kg2 Ra4 36. Rc1 Raa3 37. Rc7 a6 $2 {[#]} (37... Rg3+ 38. Kf1 Rgf3+ 39. Ke1 Rfe3 40. Rxe3 Rxe3+ 41. Kf2 Ra3) 38. Bf6 (38. Bd4 $142 $1 {[%mdl 512]} Kg8 (38... Rxd4 39. Rcxe7+) 39. Rcxe7 Rxa2 40. Rxa2 Rxd4 41. Rxa6 Rd2+ 42. Kf3) 38... Rg3+ 39. Kf2 Raf3+ 40. Ke1 Re3 {White is clearly winning.} 41. Rxe7+ Rxe7 42. Rxe7+ Kf8 43. Rxh7 Ra3 {Accuracy: White = 74%, Black = 47%.} 1-0

[Event "Nordic-chT Scholastic 2019"]
[Site "Stockholm"]
[Date "2019.09.07"]
[Round "3.2"]
[White "Dingertz, Erik"]
[Black "Briem, Stephan"]
[Result "0-1"]
[WhiteElo "1896"]
[BlackElo "2204"]
[Annotator "TA"]
[PlyCount "38"]
[EventDate "2019.09.05"]
[EventType "team-tourn"]
[EventCountry "SWE"]
[SourceTitle "playchess.com"]
[Source "ChessBase"]
[SourceQuality "1"]

{[%evp 12,38,16,6,13,-2,16,-27,4,-13,-21,-14,-8,-18,13,0,17,7,13,-26,-24,-52,-44,-56,0,-347,-316,-526,-511]} 1. c4 e5 2. g3 Nc6 3. Bg2 f5 4. Nc3 Nf6 5. d3 Bb4 6. Bd2 O-O 7. Nd5 Bxd2+ {A25: English Opening vs King's Indian with ...Nc6 but without early d3} 8. Qxd2 Ne7 (8... Rb8 {is more complex.} 9. e3 b5 10. c5 Bb7 11. Ne2 Na5) (8... d6 9. Nh3 f4 10. Ng5 h6 11. Nxf6+ Qxf6 12. Ne4 Qg6 13. O-O-O Nd4 14. e3 f3 15. Bf1 {0-1 (41) Sonis,F (2440)-Sasikiran,K (2688) Helsingor 2017}) 9. Nf3 d6 {Black has an edge.} 10. Nxe7+ Qxe7 11. b4 $146 ({Predecessor:} 11. O-O c6 12. Rac1 Bd7 13. e3 Rae8 14. Rfd1 Nh5 15. Qa5 a6 16. a3 Qd8 {½-½ (16) Livesey,R (1892)-Cooper,D (2055) England 2014}) 11... Bd7 12. O-O Nh5 13. c5 d5 14. Qb2 Rae8 15. Rac1 f4 16. Nd2 c6 17. b5 g5 ({Better is} 17... Nf6 $15) 18. gxf4 $2 {[%mdl 8192] [#]} (18. e4 $11 fxe3 19. fxe3) 18... Nxf4 $19 19. Rfe1 $2 (19. Kh1 {keeps fighting.}) 19... Bh3 {Accuracy: White = 11%, Black = 34%.} (19... Nxg2 $2 20. Kxg2 cxb5 21. f3 $17) 0-1

[Event "Nordic-chT Scholastic 2019"]
[Site "Stockholm"]
[Date "2019.09.07"]
[Round "3.3"]
[White "Heidarsson, Arnar Milutin"]
[Black "Stromgard, Martin"]
[Result "1-0"]
[WhiteElo "1756"]
[BlackElo "1648"]
[Annotator "NA RC"]
[PlyCount "73"]
[EventDate "2019.09.05"]
[EventType "team-tourn"]
[EventCountry "SWE"]
[SourceTitle "playchess.com"]
[Source "ChessBase"]
[SourceQuality "1"]
[TimeControl "5400+30"]

1. d4 {[%emt 0:00:00]} d5 {[%emt 0:00:00]} 2. Nc3 {[%emt 0:00:00]} e6 {[%emt 0:00:15]} 3. Bf4 {[%emt 0:00:00]} c6 {[%emt 0:02:10]} 4. e3 {[%emt 0:00:36]} c5 {[%emt 0:03:23]} 5. Nb5 {[%emt 0:00:38]} Na6 {[%emt 0:04:08]} 6. c3 {[%emt 0:00:23]} c4 {[%emt 0:03:07]} 7. b3 {[%emt 0:02:59]} Bd7 {[%emt 0:04:57]} 8. bxc4 {[%emt 0:02:02]} Qa5 {[%emt 0:02:59]} 9. Qb3 {[%emt 0:00:29]} dxc4 {[%emt 0:05:25]} 10. Bxc4 Nb4 {[%emt 0:25:30]} 11. Nc7+ {[%emt 0:02:56]} Kd8 {[%emt 0:00:10]} 12. Nxa8 {[%emt 0:00:29]} Ba4 {[%emt 0:00:09]} 13. Bc7+ {[%emt 0:00:12]} Qxc7 {[%emt 0:00:12]} 14. Nxc7 {[%emt 0:00:08]} Bxb3 {[%emt 0:00:08]} 15. Bxb3 {[%emt 0:00:08]} Kxc7 {[%emt 0:01:04]} 16. cxb4 {[%emt 0:00:07]} Bxb4+ {[%emt 0:00:06]} 17. Ke2 {[%emt 0:00:05]} Nf6 {[%emt 0:01:06]} 18. Nf3 {[%emt 0:00:08]} Ne4 {[%emt 0:00:56]} 19. Rac1+ {[%emt 0:00:14]} Kb6 {[%emt 0:02:35]} 20. Rhf1 {[%emt 0:00:45]} Nc3+ {[%emt 0:02:02]} 21. Kd3 {[%emt 0:00:29]} Nb5 {[%emt 0:00:19]} 22. Ne5 {[%emt 0:00:32]} f6 {[%emt 0:00:29]} 23. Nd7+ {[%emt 0:00:22]} Ka6 {[%emt 0:00:10]} 24. Bc4 {[%emt 0:00:34]} Ka5 {[%emt 0:00:34]} 25. Bxb5 {[%emt 0:01:08]} Kxb5 {[%emt 0:00:26]} 26. Rb1 {[%emt 0:00:02]} Ka5 {[%emt 0:02:23]} 27. a3 {[%emt 0:00:11]} Bxa3 {[%emt 0:02:44]} 28. Ra1 {[%emt 0:00:20]} Kb5 {[%emt 0:00:45]} 29. Rxa3 {[%emt 0:00:11]} a6 {[%emt 0:00:12]} 30. Rb1+ {[%emt 0:00:12]} Kc6 {[%emt 0:00:09]} 31. Nc5 {[%emt 0:00:15]} Ra8 {[%emt 0:00:23]} 32. Rxb7 {[%emt 0:00:09]} e5 {[%emt 0:00:04]} 33. Kc4 {[%emt 0:00:14]} exd4 {[%emt 0:00:53]} 34. exd4 {[%emt 0:00:02]} Kd6 {[%emt 0:00:13]} 35. Rd7+ {[%emt 0:00:08]} Kc6 {[%emt 0:00:09]} 36. d5+ {[%emt 0:00:07]} Kb6 {[%emt 0:00:10]} 37. Rb7# {[%emt 0:00:11]} 1-0

[Event "Nordic-chT Scholastic 2019"]
[Site "Stockholm"]
[Date "2019.09.07"]
[Round "3.4"]
[White "Gaudras, Allan"]
[Black "Hakonarson, Sverrir"]
[Result "0-1"]
[WhiteElo "1380"]
[BlackElo "1531"]
[Annotator "NA RC"]
[PlyCount "126"]
[EventDate "2019.09.05"]
[EventType "team-tourn"]
[EventCountry "SWE"]
[SourceTitle "playchess.com"]
[Source "ChessBase"]
[SourceQuality "1"]
[TimeControl "5400+30"]

1. d4 {[%emt 0:00:00]} Nf6 {[%emt 0:00:00]} 2. e3 {[%emt 0:00:00]} c5 {[%emt 0:00:53]} 3. c3 {[%emt 0:00:09]} e6 {[%emt 0:01:00]} 4. Bd3 {[%emt 0:00:26]} b6 {[%emt 0:01:17]} 5. f4 {[%emt 0:00:12]} Bb7 {[%emt 0:01:04]} 6. Nf3 {[%emt 0:00:23]} Be7 {[%emt 0:01:41]} 7. Nbd2 {[%emt 0:00:12]} O-O {[%emt 0:03:27]} 8. O-O {[%emt 0:00:07]} Qc7 {[%emt 0:01:09]} 9. Qc2 {[%emt 0:01:35]} Nc6 {[%emt 0:01:46]} 10. Ng5 {[%emt 0:01:04]} h6 {[%emt 0:05:24]} 11. Nge4 {[%emt 0:02:44]} Nd5 {[%emt 0:03:23]} 12. Rf3 {[%emt 0:03:10]} f5 {[%emt 0:01:16]} 13. Nf2 {[%emt 0:00:08]} Rac8 {[%emt 0:01:15]} 14. Nb3 {[%emt 0:05:15]} Nxd4 15. cxd4 Nb4 {[%emt 0:13:38]} 16. Qe2 {[%emt 0:03:49]} Bxf3 {[%emt 0:02:07]} 17. Qxf3 {[%emt 0:00:38]} Nxd3 {[%emt 0:02:23]} 18. Nxd3 {[%emt 0:01:21]} c4 {[%emt 0:00:49]} 19. Ne5 {[%emt 0:00:11]} cxb3 {[%emt 0:00:30]} 20. axb3 {[%emt 0:00:14]} Bb4 {[%emt 0:09:02]} 21. Nd3 {[%emt 0:00:50]} Bd6 {[%emt 0:00:27]} 22. Bd2 {[%emt 0:00:16]} Qc2 {[%emt 0:02:44]} 23. Qe2 {[%emt 0:00:11]} a5 {[%emt 0:01:27]} 24. b4 {[%emt 0:00:19]} Bxb4 {[%emt 0:00:47]} 25. Nxb4 {[%emt 0:00:08]} axb4 {[%emt 0:00:30]} 26. Qe1 {[%emt 0:01:16]} Ra8 {[%emt 0:07:54]} 27. Bxb4 {[%emt 0:01:41]} Rxa1 {[%emt 0:00:32]} 28. Qxa1 {[%emt 0:00:05]} Rc8 {[%emt 0:00:11]} 29. Bc3 {[%emt 0:00:10]} Qe4 {[%emt 0:01:39]} 30. Qe1 {[%emt 0:00:15]} Qc6 {[%emt 0:01:20]} 31. Qg3 {[%emt 0:00:07]} d5 {[%emt 0:00:06]} 32. Qg6 {[%emt 0:02:00]} Qe8 {[%emt 0:04:42]} 33. Qg3 {[%emt 0:00:15]} b5 {[%emt 0:00:26]} 34. Qe1 {[%emt 0:00:25]} Qc6 {[%emt 0:01:52]} 35. h3 {[%emt 0:01:58]} Qc4 {[%emt 0:01:31]} 36. Kh2 {[%emt 0:01:23]} Qb3 {[%emt 0:03:22]} 37. Qd2 {[%emt 0:01:16]} Rc4 {[%emt 0:00:52]} 38. Ba5 {[%emt 0:00:44]} Rc2 {[%emt 0:00:48]} 39. Qe1 {[%emt 0:00:33]} Qxb2 {[%emt 0:01:04]} 40. Qg3 {[%emt 0:00:35]} Kh7 {[%emt 0:00:32]} 41. h4 {[%emt 0:00:18]} Qa3 {[%emt 0:01:32]} 42. h5 {[%emt 0:01:07]} Qe7 {[%emt 0:00:22]} 43. Qg6+ {[%emt 0:00:52]} Kg8 {[%emt 0:00:27]} 44. Kh3 {[%emt 0:00:37]} Qf7 {[%emt 0:00:22]} 45. Qxf7+ {[%emt 0:01:11]} Kxf7 {[%emt 0:00:07]} 46. Kg3 {[%emt 0:00:25]} Rc4 {[%emt 0:00:11]} 47. Kf3 {[%emt 0:00:21]} b4 {[%emt 0:00:02]} 48. Bxb4 {[%emt 0:00:18]} Rxb4 {[%emt 0:00:08]} 49. g4 {[%emt 0:00:07]} fxg4+ {[%emt 0:00:22]} 50. Kxg4 {[%emt 0:00:05]} Kf6 {[%emt 0:00:11]} 51. Kg3 {[%emt 0:00:15]} Rb1 {[%emt 0:00:23]} 52. Kg2 {[%emt 0:00:13]} Kf5 {[%emt 0:00:21]} 53. Kf3 {[%emt 0:00:06]} Rh1 {[%emt 0:00:19]} 54. e4+ {[%emt 0:00:06]} dxe4+ {[%emt 0:00:08]} 55. Ke3 {[%emt 0:00:01]} Rxh5 {[%emt 0:00:19]} 56. d5 {[%emt 0:00:04]} exd5 {[%emt 0:00:15]} 57. Kf2 {[%emt 0:00:06]} Kxf4 {[%emt 0:00:48]} 58. Kg2 {[%emt 0:00:05]} d4 {[%emt 0:00:35]} 59. Kf2 {[%emt 0:00:04]} Rh2+ {[%emt 0:00:13]} 60. Kf1 {[%emt 0:00:07]} Kf3 {[%emt 0:00:23]} 61. Kg1 {[%emt 0:00:18]} Ra2 {[%emt 0:00:55]} 62. Kh1 {[%emt 0:00:04]} Kg3 {[%emt 0:00:13]} 63. Kg1 {[%emt 0:00:02]} Ra1# 0-1